000 00207 a2200097 4500
001 11820
100 _aShaplen, J.
245 _aThe real soviet Russia
260 _a
_bHollis carter
_c
090 _c9076
_d9076
942 _aNUST-CAE
_cM
_c35907
999 _c246893
_d246893